Manco Inca : la gran guerra por la reconquista /

Detalles Bibliográficos
Autor principal: León, Francisco, 1975- (Autor)
Formato: Electrónico eBook
Lenguaje:español
Publicado: Tarma, Perú : Zafiro, [2022]
Materias:
Acceso en línea:Digitalia Hispánica

MARC

LEADER 00000nam a2200000 i 4500
001 DIGEDQUIM0004
003 NyNyDIG
007 cr |||||||||||
008 241107s2022 pe a o 000 0 spa d
006 m o d
035 |a (OCoLC)1472053219 
040 |a DGITA  |b eng  |e rda  |e pn  |c DGITA 
020 |z 9786125067128 
043 |a s-pe--- 
050 1 4 |a F3442 ebook 
100 1 |a León, Francisco,  |d 1975-  |e author. 
245 1 0 |a Manco Inca :  |b la gran guerra por la reconquista /  |c Francisco León. 
264 1 |a Tarma, Perú :  |b Zafiro,  |c [2022] 
300 |a 1 online resource :  |b illustrations. 
336 |a text  |b txt  |2 rdacontent 
337 |a computer  |b c  |2 rdamedia 
338 |a online resource  |b cr  |2 rdacarrier 
347 |a text file  |2 rdaft 
347 |b PDF 
588 0 |a Online resource; title from PDF title page (Digitalia, viewed November 7, 2024) 
600 1 0 |a Manco Inca,  |d approximately 1516-1545. 
651 0 |a Peru  |x History  |y Conquest, 1522-1548. 
791 2 |a Digitalia (Firm),  |e distributor. 
793 0 |g Digitalia eBook Collection:  |a Grupo Editorial Quimérica 
776 0 8 |i Print version:  |a León, Francisco, 1975-  |t Manco Inca.  |b Segunda edición.  |d Tarma, Perú : Zafiro, [2022]  |z 9786125067128 
856 4 0 |3 Digitalia Hispánica  |u https://www.digitaliapublishing.com/a/160456/ 
910 |a Premium collection: 2024